| 000 | 00634cab a2200229 4500 | ||
|---|---|---|---|
| 001 | WB2911-07 | ||
| 008 | 090401t1993 xxu||||| |||| 00| 0 eng d | ||
| 035 | _a(Sirsi) u72255 | ||
| 041 | _aeng | ||
| 245 | _aWave of failures predicted | ||
| 260 | _c1993 | ||
| 350 | _a0 | ||
| 490 |
_aNew Builder _v(166) 12 March 1993, 4(1) |
||
| 520 | _aThere is consensus within the contracting industry that more business failures are on the way. | ||
| 650 | _aCOMPANY FAILURES | ||
| 650 | _aCONSTRUCTION COMPANIES | ||
| 650 | _aCONTRACTORS | ||
| 650 | _aRECESSION | ||
| 690 | _aBUILT ENVIRONMENT | ||
| 942 | _n0 | ||
| 948 | _c04/03/1997 | ||
| 999 |
_c45628 _d45628 |
||